Switzerland in the Eurovision Song Contest - Statistics

General Stats
  • This quiz has been taken 15 times
    2 since last reset
  • The average score is 10 of 67
Answer Stats
Answer % Correct
Alice
100%
Boys Do Cry
100%
She Got Me
100%
The Code
100%
Voyage
100%
Watergun
100%
Apollo
50%
Hunter of Stars
50%
Ne partez pas sans moi
50%
Refrain
50%
Stones
50%
The Last of Our Kind
50%
Time to Shine
50%
Tout l'univers
50%
Amour on t'aime
0%
Bonjour, bonjour
0%
Canzone per te
0%
Celebrate
0%
C'est la chanson de mon amour
0%
Cielo e terra
0%
Cinéma
0%
Cool Vibes
0%
Dans le jardin de mon âme
0%
Das alte Karussell
0%
Dentro di me
0%
Djambo Djambo
0%
Era stupendo
0%
Giorgio
0%
Guardando il sole
0%
If We All Give A Little
0%
Il pleut de l'or
0%
I miei pensieri
0%
In Love For A While
0%
Io così non ci sto
0%
Io senza te
0%
Irgendwoher
0%
Je vais me marier, Marie
0%
Lass ihn
0%
La vita cos'è?
0%
L'Enfant que j'étais
0%
Le Retour
0%
Les Illusions de nos vingt ans
0%
Mein Ruf nach dir
0%
Mikado
0%
Mister Music Man
0%
Moitié moitié
0%
Moi, tout simplement
0%
Mon cœur l'aime
0%
Musik klingt in die Welt hinaus
0%
Ne vois-tu pas?
0%
Non, à jamais sans toi
0%
Nous aurons demain
0%
Pas pour moi
0%
Piano, piano
0%
Quel cœur vas-tu briser?
0%
Retour
0%
Sto pregando
0%
Swiss Lady
0%
T'en va pas
0%
The Highest Heights
0%
Trödler und Co.
0%
Unbreakable
0%
Vampires Are Alive
0%
Viver senza tei
0%
Vivre
0%
Welche Farbe hat der Sonnenschein
0%
You And Me
0%
No matching quizzes found
Score Distribution
Percent of People with Each Score
Percentile by Number Answered
Your Score History
You have not taken this quiz since the last reset